| 000 | 00793nam a22002537a 4500 | ||
|---|---|---|---|
| 003 | DO-SdBNP | ||
| 005 | 20221207095245.0 | ||
| 007 | ta | ||
| 008 | 110301s2022 dr 000 p spa d | ||
| 020 | _a9798430365332 | ||
| 040 |
_aDO-SdBNP _bspa _cBNPHU |
||
| 082 | 4 |
_aRD861.44 _bC965o _222 |
|
| 100 | 1 |
_aCuevas, Julio, _99459 _c1955- _d1955- |
|
| 245 | 1 | 0 |
_aOráculo de la vida y de la muerte / _cJulio Cuevas |
| 260 |
_aSanto Domingo : _bTiempo de nosotros, _c2022 |
||
| 300 |
_a93 p. : _c23 cm. |
||
| 500 | _aIncluye datos biográficos del autor en la solapas | ||
| 504 | _aBibliografía : p. 145-167 | ||
| 590 | _aInventariado, 2022/ YL | ||
| 650 | 4 | _aPoesía dominicana | |
| 650 | 4 | _aLiteratura dominicana | |
| 910 | _aYLockward/Validado. Control de calidad MFF | ||
| 942 |
_2ddc _cLBS1 |
||
| 999 |
_c52961 _d52961 |
||